00434nam a2200169Ia 4500008004000000020001800040041000800058082001600066100002300082245004200105260004800147300001500195650001500210650001000225650001600235650001300251210210b2009 xxu||||| |||| 00| 0 eng d a9780521747523 aeng a338.98 LOML aLOMBORG (Bjorn) Ed aLatin American development priorities aCambridgebCambridge University Pressc2009 axxviii,695 apriorities aLatin adevelopment aAmerican